| 000 | 00544nam a22002057a 4500 | ||
|---|---|---|---|
| 003 | OSt | ||
| 005 | 20260326115638.0 | ||
| 008 | 260326b |||||||| |||| 00| 0 eng d | ||
| 020 | _a9781975180010 | ||
| 040 | _cNLM | ||
| 082 | _aQS604 S15l 2024 | ||
| 100 |
_aSadler T.W. _9459 |
||
| 245 | _aLangman's Medical Embrology | ||
| 250 | _a15th ed. | ||
| 260 | _aPhidelphia; Wolters Kluwer, 2024 | ||
| 300 | _axxii, 434p.; Col. Ill: 25.5cm | ||
| 504 | _aAppendices, & index included | ||
| 650 |
_aMedical embrology _919554 |
||
| 942 |
_2z _cO_SHELF |
||
| 999 |
_c9611 _d9611 |
||